| 000 | 00989nam a2200217 a 4500 | ||
|---|---|---|---|
| 001 | 000047695 | ||
| 005 | 20201002060701.0 | ||
| 008 | 110411s1999 dr a 000 0 spa d | ||
| 040 |
_aDO-SdBNP _bspa _cBNPHU |
||
| 082 |
_a370.97293021 _bE79e, 1999 |
||
| 110 | 2 |
_aRepública Dominicana _bSecretaría de Estado de Educacion y cultura _bOficina de planificación educativa _bDepartamento de estadística _975300 |
|
| 245 | 1 | 0 |
_aEstadísticas educativas : _b1997-1998 / _cintroducción Rafael De Lancer Sánchez. |
| 246 | 1 | 4 | _aEstadísticas educativas, 1997-1998 |
| 260 |
_aSanto Domingo : _bSecretaría de Estado de Educación y Cultura, _c1999. |
||
| 300 |
_axx, 749 p. : _bil. ; _c28 cm. |
||
| 500 | _aIncluye indice de gráficos y mapas. | ||
| 590 | _aInventariado, 2018/YL | ||
| 650 | 4 |
_aEducación _zRepública Dominicana _xEstadísticas _y1990-1991 _955724 |
|
| 650 | 4 |
_aEducación _zRepública Dominicana _xEstadísticas _y1993-1994 _955725 |
|
| 700 | 1 | 2 |
_aDe Lancer Sánchez, Rafael _eint. _975301 |
| 999 |
_c47183 _d47183 |
||